000 nam a22 a 4500
999 _c405260
_d405260
003 BLK
005 20210405115214.0
008 180410b bul|||||r ||||||| ||bul||
010 _aKNG00166411000
040 _aBLK
041 _aBUL
_cBUL
080 _aГражданско съдопроизводство. Граждански процес. - Видове гражданско съдопроизводство:арбитражна, опростени процедури за по-дребни случаи, формалности при съдебна процедура, разследване, доказване
_b347.91/.95
_x(497.2)
_z347.91/.95(497.2)
139 _aГражданско съдопроизводство
245 1 0 _aГражданско съдопроизводство
_bОбнар. в бр. 31 на Държ. вестник от 8.II.1892 г.
257 _aBGR
260 _9446451
_aСофия
_bскоропеч. Вълков
_c1892
300 _aVIII, 248 с.
_c23 см
380 _a3
490 _9435080
_aКолекция Редки и ценни издания
500 _aПодпис: Велико П. Мишков
650 4 _aСъдопроизводство, гражданско - България
_9248873
653 7 _9184347
_aграждански процес
852 _aРб 892
_bРц
942 _cKNG
_n0
_s1
944 _aCR
_c2021-04-04
_kГеновева_Генчева
999 _d405260
999 _d405260